MARC

LEADER 00000nam0a2200000 4500
001 319853
005 20231102003223.0
035 |a (RuTPU)RU\TPU\book\345363 
090 |a 319853 
100 |a 20160614d1974 m y0rusy50 ca 
101 0 |a rus 
102 |a RU 
105 |a a z 001zy 
200 1 |a Русская керамика (конец XIX - начало XX в.)  |f К. Н. Пруслина  |g Академия наук СССР (АН СССР) 
210 |a Москва  |c Наука  |d 1974 
215 |a 136 с.  |c ил. 
225 1 |a Из истории мировой культуры 
320 |a Примечания: с. 128-136 
606 1 |a Керамика художественная  |2 stltpush  |3 (RuTPU)RU\TPU\subj\14282  |9 40722 
610 1 |a 19 век 
610 1 |a Россия 
610 1 |a прикладное искусство 
610 1 |a предметы быта 
610 1 |a кустарные промыслы 
610 1 |a русские керамические мастерские 
610 1 |a художественные школы 
675 |a 738  |v 4 
700 1 |a Пруслина  |b К. Н.  |g Клара Наумовна 
712 0 2 |a Академия наук СССР (АН СССР)  |c (Ленинград/Москва)  |c (1925-1991)  |2 stltpush  |3 (RuTPU)RU\TPU\col\722 
801 1 |a RU  |b 63413507  |c 20160614 
801 2 |a RU  |b 63413507  |c 20200709  |g RCR 
942 |c BK